Organo-derivatives of zirconium phosphate.

Bibliographic Details
Main Author: Yang, Chao-Yeuh
Other Authors: Anthony, R. G. (degree committee member.), Darensbourg, Donald J. (degree committee member.), Martell, A. E. (degree committee member.), Rosynek, M. P. (degree committee member.)
Format: Thesis Book
Language:English
Published: 1986.
Subjects:
Online Access:Link to ProQuest copy
Link to OAKTrust copy

MARC

Tag First Indicator Second Indicator Subfields
LEADER 00000ctm a2200000Ia 4500
001 in00000014118
005 20220104090757.0
008 880428s1986 xx a bm 000 0 eng d
035 |9 AAA6468AM 
035 |a (OCoLC)17860936 
035 |a (OCoLC)ocm17860936 
040 |a TXA  |b eng  |c TXA  |d OCLCQ  |d OCLCO  |d TXA 
049 |a TXAM 
099 |a 1986  |a Dissertation  |a Y22 
100 1 |a Yang, Chao-Yeuh. 
245 1 0 |a Organo-derivatives of zirconium phosphate. 
264 1 |c 1986. 
300 |a xv, 182 leaves :  |b illustrations ;  |c 29 cm 
336 |a text  |b txt  |2 rdacontent 
337 |a unmediated  |b n  |2 rdamedia 
338 |a volume  |b nc  |2 rdacarrier 
500 |a Typescript (photocopy). 
500 |a Vita. 
502 |b Ph. D. in Chemistry  |c Texas A & M University  |d 1986 
504 |a Includes bibliographical references (leaves 174-181). 
520 3 |a A series of alkyl and aryl diphosphonic acids in which the size of the alkyl and aryl group is systematically varied has been synthesized. The corresponding zirconium diphosphonates, mixed-component pillared zirconium phosphite/phosphate diphosphonates, mixed-component non-pillared zirconium phosphite phenyl phosphonates and their sulphonated derivatives have been prepared by various synthetic methods. An extensive study of the preparative conditions of these synthetic methods has been carried out. The mixed-component pillared zirconium phosphate diphosphonates have zeolite-type cavities, exchangeable hydrogen ions, large surface area and high void volume, thus they constitute a new series of adsorbents for chromatography, new composite ion-exchangers and also new catalyst systems. These compounds were characterized by X-ray diffraction, TG analysis, elemental analysis, IR spectroscopy, titration curves, surface area measurement, pore size distribution, solid state NMR and electron microscopic study. Their various possible applications were also investigated. A series of layered zirconium phosphite phenylphosphonate and phosphate phenylphosphonate mixed derivatives, with the general formula Zr(XPO₃)[subscript 2-y](C₆H₅PO₃)[subscript y] (x = -H, -OH and y = 1.0-04), have been prepared and characterized. These compounds were readily sulfonated in fuming sulfuric acid under mild conditions and the resultant sulfonates behave as strong acid ion exchangers. These exchangers are colloidal in aqueous suspensions and exchange large cations and complexes in a facile manner. The exchanger showed increased selectivity for larger cations. In the case of coordination complexes the increased selectivity was remarkable and may stem from a combination of favorable electrostatic and steric factors. ... 
650 0 |a Zirconium phosphate  |x Derivatives. 
650 4 |a Major chemistry. 
655 7 |a Academic theses  |2 lcgft 
700 1 |a Anthony, R. G.,  |e degree committee member. 
700 1 |a Clearfield, Abraham,  |e degree supervisor. 
700 1 |a Darensbourg, Donald J.,  |e degree committee member. 
700 1 |a Martell, A. E.,  |e degree committee member. 
700 1 |a Rosynek, M. P.,  |e degree committee member. 
710 2 |a Texas A & M University,  |e degree granting institution. 
856 4 1 |u http://proxy.library.tamu.edu/login?url=http://proquest.umi.com/pqdweb?did=752634351&sid=1&Fmt=2&clientId=2945&RQT=309&VName=PQD  |z Link to ProQuest copy  |t 0 
856 4 1 |u https://hdl.handle.net/1969.1/DISSERTATIONS-20225  |z Link to OAKTrust copy  |t 0 
994 |a C0  |b TXA 
999 f f |s 18d3b921-4d10-378b-bb5a-8ad4b7d7eb7f  |i 474b29b4-c4c1-3fad-8a76-c3b00c60cefe  |t 0 
952 f f |p noncirc  |a Texas A&M University  |b J.J. Pickle Campus  |c High Density Repository  |s HDR  |d Remote Storage  |t 0  |e 1986 Dissertation Y22  |h Other scheme  |i unmediated -- volume  |m A14839618277 
952 f f |a Texas A&M University  |b College Station  |c Electronic Resources  |s www_evans  |d Available Online  |t 0  |e 1986 Dissertation Y22  |h Other scheme 
998 f f |a 1986 Dissertation Y22  |t 0  |l Remote Storage 
998 f f |a 1986 Dissertation Y22  |t 0  |l Available Online